| 000 | 00835cam a22002655a 4500 | ||
|---|---|---|---|
| 001 | 18331928 | ||
| 005 | 20150526154005.0 | ||
| 008 | 141010s2015 flua b 001 0 eng | ||
| 020 | _a9781482238556 (hardback) | ||
| 040 |
_aDLC _beng _cDLC _dDLC _dEG-ScBUE |
||
| 082 | 0 | 0 |
_a621.042 _222 _bGRA |
| 100 | 1 |
_aGranet, Irving. _96757 |
|
| 245 | 1 | 0 |
_aThermodynamics and heat power / _cIrving Granet, Maurice Bluestein. |
| 250 | _a8th ed. | ||
| 260 |
_aBoca Raton : _bCRC Press / Taylor & Francis Group, _cc.2015. |
||
| 300 |
_axix, 835 p. : _bill. ; _c27 cm. |
||
| 500 | _aIndex : p. 815-835. | ||
| 504 | _aIncludes bibliographical references. | ||
| 650 | 0 |
_aThermodynamics _xData processing. _2BUEsh |
|
| 651 | _2BUEsh | ||
| 653 |
_bENGGEN _cMay2015 |
||
| 655 |
_vreading book _934232 |
||
| 700 | 1 | _aBluestein, Maurice. | |
| 942 | _2ddc | ||
| 999 |
_c19453 _d19425 |
||